00573nam a2200205 a 450000500170000000800410001704000250005804100080008304400070009110000270009824500820012526000250020730000100023265000170024265000150025965000170027465000170029166200380030870000210034620200104041508.0140220b1994 ck ||||| |||| 00| 0 spa d aCO-BoIAVHcCO-BoIAVH aspa ack aRangel Ch., J. Orlando aCaracterísticas de la textura foliar en gradientes montañosos de Colombia aBogotábICNc1994? a77 p. aVegetación aBotánica aProtección aConsistencia aColombiacCordillera de Los Andes aTafur, Esperanza